[Event "20. Camp. Ital. Femminile"]
[Site "Formia ITA"]
[Date "1992.09.19"]
[Round "9.3"]
[White "Chiapponi, Paola"]
[Black "Agosto, Erika"]
[Result "0-1"]
[WhiteElo "1662"]
[BlackElo "1884"]
[Annotator "Ballarin,Gabriele"]
[PlyCount "54"]
[EventDate "1992.09.11"]
[EventType "swiss"]
[EventRounds "9"]
[EventCountry "ITA"]
[SourceTitle "EXT 1998"]
[Source "ChessBase"]
[SourceDate "1997.11.17"]
[SourceVersion "1"]
[SourceVersionDate "1997.11.17"]
[SourceQuality "1"]

1. f4 d5 2. Nf3 Bf5 3. e3 Nf6 4. Nc3 Nbd7 5. Be2 h6 6. b3 e6 7. O-O Be7 8. Bb2 O-O 9. Bd3 Bxd3 10. cxd3 Nc5 11. Qe2 c6 12. Ne5 d4 13. Nd1 dxe3 14. dxe3 a5 15. Nc3 a4 16. bxa4 Nxa4 17. Nxa4 Rxa4 18. d4 Qb6 19. Qc2 Rfa8 20. Bc3 Qa6 21. Rf2 Nd5 22. e4 Nxc3 23. Qxc3 Qb6 24. f5 exf5 25. Qf3 Qxd4 26. Qxf5 Qxa1+ 27. Rf1 Qd4+ 0-1

[Event "20. Camp. Ital. Femminile"]
[Site "Formia ITA"]
[Date "1992.09.19"]
[Round "9.4"]
[White "Belli, Michela"]
[Black "Fittante, Giuliana"]
[Result "1/2-1/2"]
[WhiteElo "1200"]
[BlackElo "1784"]
[Annotator "Ballarin,Gabriele"]
[PlyCount "25"]
[EventDate "1992.09.11"]
[EventType "swiss"]
[EventRounds "9"]
[EventCountry "ITA"]
[SourceTitle "EXT 1998"]
[Source "ChessBase"]
[SourceDate "1997.11.17"]
[SourceVersion "1"]
[SourceVersionDate "1997.11.17"]
[SourceQuality "1"]

1. e4 e5 2. Bc4 Nf6 3. Nc3 Nc6 4. Nf3 Bb4 5. O-O d6 6. d3 Bg4 7. Ne2 Bxf3 8. gxf3 Qd7 9. a3 Bc5 10. Be3 a6 11. Kh1 Qh3 12. Ng3 Ne7 13. Rg1 1/2-1/2

[Event "52.C.to Italiano35.Capodanno"]
[Site "Reggio nell'Emilia ITA"]
[Date "1993.01.03"]
[Round "8.5"]
[White "Azmaiparashvili, Zurab"]
[Black "Manca, Federico"]
[Result "0-1"]
[WhiteElo "2620"]
[BlackElo "2390"]
[Annotator "Gabriele Ballarin"]
[PlyCount "125"]
[EventDate "1992.12.26"]
[EventType "tourn"]
[EventRounds "11"]
[EventCountry "ITA"]
[EventCategory "9"]

{[%evp 0,124,16,16,9,-10,43,35,64,37,37,33,33,28,58,33,23,21,21,16,29,12,39,38,61,44,66,28,58,58,71,46,78,23,42,34,38,28,29,23,23,23,34,29,5,10,10,20,63,63,63,61,63,50,61,49,46,52,32,23,64,49,4,2,9,0,-16,-37,-43,-48,-36,-32,-48,-45,-32,-49,-42,-42,-47,-46,-58,-70,-58,-68,-61,-85,-51,-83,-70,-75,-64,-142,-120,-136,-135,-138,-122,-152,-175,-185,-190,-272,-260,-237,-232,-252,-262,-262,-255,-231,-250,-257,-238,-248,-299,-308,-268,-255,-285,-298,-321,-321,-335,-344,-344,-382,-382]} 1. Nf3 Nf6 2. c4 g6 3. Nc3 Bg7 4. d4 O-O 5. e4 d6 6. Be2 c5 7. O-O cxd4 8. Nxd4 Nc6 9. Be3 Bd7 10. f3 a6 11. Qd2 Qb8 12. Rfd1 Rc8 13. Kh1 Nxd4 14. Bxd4 Bc6 15. a4 a5 16. Qe3 Nd7 17. Nd5 Bxd5 18. exd5 Nc5 19. Bxg7 Kxg7 20. Rd4 Rc7 21. Bd1 Qh8 22. Bc2 Kg8 23. Re1 e5 24. dxe6 Nxe6 25. Rd2 Qe5 26. b3 Qxe3 27. Rxe3 Rd8 28. Be4 Kf8 29. Bd5 Nc5 30. Rde2 Rcc8 31. Re7 Rd7 32. Rxd7 Nxd7 33. Bxb7 Rb8 34. Bc6 Rxb3 35. h3 Ne5 36. Bd5 Nd7 37. Bc6 Ne5 38. Bb5 Rc3 39. Re4 f5 40. Re1 f4 41. h4 h6 42. Ba6 g5 43. Kh2 Kf7 44. Bb7 Kf6 45. Bd5 Ra3 46. hxg5+ hxg5 47. Rb1 g4 48. fxg4 Nxg4+ 49. Kg1 Rxa4 50. c5 dxc5 51. Rc1 Ne5 52. g3 Nd3 53. Rc3 Rd4 54. Bc4 Ne5 55. Be2 f3 56. Bxf3 Rd3 57. Rxd3 Nxd3 58. Bd1 Nb2 59. Bc2 a4 60. Kf2 a3 61. Bb3 Nd3+ 62. Ke3 Nc1 63. Bc4 0-1

[Event "53.Camp. Italiano"]
[Site "Filettino ITA"]
[Date "1994.01.23"]
[Round "11.4"]
[White "Passerotti, Pierluigi"]
[Black "Godena, Michele"]
[Result "0-1"]
[WhiteElo "2330"]
[BlackElo "2480"]
[Annotator "Gabriele Ballarin"]
[PlyCount "82"]
[EventDate "1994.01.13"]
[EventType "tourn"]
[EventRounds "11"]
[EventCountry "ITA"]
[EventCategory "4"]

1. c4 e5 2. Nc3 Nf6 3. g3 d5 4. cxd5 Nxd5 5. Bg2 Nb6 6. Nf3 Nc6 7. O-O Be7 8. d3 O-O 9. Be3 Bg4 10. a3 Re8 11. h3 Be6 12. Rc1 Qd7 13. Kh2 f6 14. d4 exd4 15. Nxd4 Nxd4 16. Qxd4 Qxd4 17. Bxd4 c6 18. Ne4 Bd5 19. e3 Nc4 20. Rc2 Bf8 21. Nc5 Bxg2 22. Kxg2 Nd6 23. Nd3 Rad8 24. Bc5 Nf5 25. Nf4 Bxc5 26. Rxc5 Nd6 27. Rd1 Ne4 28. Rxd8 Rxd8 29. Rc2 Kf7 30. Kf3 Rd2 31. Rxd2 Nxd2+ 32. Ke2 Nc4 33. Nd3 Ke6 34. a4 b6 (34... h6 35. e4 a5 36. Kd1 b5 37. b3 Nb6 38. axb5 cxb5 39. Nc5+ Ke5 40. Nb7 a4 41. bxa4 bxa4 {0-1 Passerotti,P (2330)-Godena,M (2480)/Filettino 1994/EXT 2000}) 35. e4 a5 36. Kd1 b5 37. b3 Nb6 38. axb5 cxb5 39. Nc5+ Ke5 40. Nb7 a4 41. bxa4 bxa4 0-1

[Event "1. Camp. Veneto AUSER (60')"]
[Site "Mestre"]
[Date "1994.11.13"]
[Round "3"]
[White "Rosino, Antonio"]
[Black "Magrin, Antonio"]
[Result "1-0"]
[WhiteElo "2320"]
[BlackElo "2200"]
[Annotator "Antonio Rosino"]
[PlyCount "51"]
[EventDate "1994.11.??"]
[EventType "swiss (rapid)"]
[EventRounds "6"]
[EventCountry "ITA"]
[SourceTitle "Rosino"]
[Source "ChessBase"]
[SourceDate "1999.07.01"]
[SourceVersion "1"]
[SourceVersionDate "1999.07.01"]
[SourceQuality "1"]

1. e4 c5 2. c3 e5 3. Nf3 d6 4. Bc4 Be7 5. Qb3 Nc6 6. Bxf7+ Kf8 7. Bd5 Na5 8. Qc2 Nf6 9. d3 Bd7 10. Nbd2 Rc8 11. O-O g6 12. Nb3 Nxd5 13. Bh6+ Kf7 14. exd5 Bf5 15. c4 b5 16. Nxa5 Qxa5 17. Qe2 Rhe8 18. Nd2 Rb8 19. g4 Bd7 20. f4 exf4 21. Rxf4+ Kg8 22. Raf1 Qd8 23. Ne4 Bg5 24. Rf8+ Rxf8 25. Rxf8+ Qxf8 26. Bxf8 1-0

[Event "22.C.to Italiano femminile"]
[Site "Formia ITA"]
[Date "1995.07.22"]
[Round "3"]
[White "De Maio, Anna"]
[Black "Parrino, Giuseppina"]
[Result "0-1"]
[WhiteElo "1552"]
[BlackElo "1816"]
[Annotator "Ballarin,Gabriele"]
[PlyCount "118"]
[EventDate "1995.07.20"]
[EventType "tourn"]
[EventCountry "ITA"]

1. e4 c5 2. Nf3 e6 3. c3 a6 4. Bc4 b5 5. Bb3 Bb7 6. Bc2 Qc7 7. d3 Nf6 8. Be3 Nc6 9. Nbd2 Be7 10. a4 Rd8 11. axb5 axb5 12. Nb3 d6 13. O-O h5 14. h3 Nh7 15. Qd2 f6 16. h4 g5 17. hxg5 fxg5 18. Nxg5 Nxg5 19. Bxg5 Ne5 20. Bf4 Ng4 21. Bd1 Bf6 22. Bf3 Qg7 23. Ra7 Be5 24. Na5 Rd7 25. Nxb7 Rxb7 26. Ra8+ Kd7 27. Rxh8 Qxh8 28. Bxg4 hxg4 29. Bxe5 Qxe5 30. g3 Kc6 31. Qe2 Qh5 32. f3 Rh7 33. Qg2 gxf3 34. Rxf3 Qg5 35. Rf6 Qc1+ (35... Qxf6 36. e5+) 36. Rf1 Qe3+ 37. Rf2 Qxd3 38. g4 Rh3 39. Qf1 Rg3+ 40. Rg2 Qe3+ 41. Qf2 Rxg2+ 42. Kxg2 Qxe4+ 43. Qf3 Qxf3+ 44. Kxf3 Kd7 45. b3 e5 46. c4 bxc4 47. bxc4 Ke6 48. Ke3 Kf6 49. Ke4 Kg5 50. Kf3 Kh4 51. Ke3 Kxg4 52. Ke4 Kg5 53. Ke3 Kf5 54. Kf3 e4+ 55. Ke2 Ke5 56. Ke3 d5 57. cxd5 Kxd5 58. Kd2 Kd4 59. Ke2 c4 0-1

[Event "22.C.to Italiano femminile"]
[Site "Formia ITA"]
[Date "1995.07.22"]
[Round "3"]
[White "Fittante, Giuliana"]
[Black "Sirletti, Sonia"]
[Result "1-0"]
[WhiteElo "1637"]
[BlackElo "1600"]
[PlyCount "108"]
[EventDate "1995.07.20"]
[EventType "tourn"]
[EventCountry "ITA"]

1. d4 Nf6 2. c4 g6 3. Nc3 Bg7 4. e4 d6 5. f4 O-O 6. Nf3 c5 7. d5 e6 8. Be2 exd5 9. cxd5 Re8 10. Qc2 a6 11. a4 b6 12. O-O Bb7 13. Bd2 Nbd7 14. Rae1 Rb8 15. Bc4 Ng4 16. Qd3 Ra8 17. Re2 Re7 18. Ng5 h6 19. Nh3 Bd4+ 20. Kh1 Bc8 21. Be1 Ndf6 22. Nf2 h5 23. Nxg4 Bxg4 24. Rd2 Qd7 25. h3 Kg7 26. hxg4 hxg4 27. Bf2 Rh8+ 28. Kg1 Bxc3 29. Qxc3 Rxe4 30. Bg3 b5 31. axb5 axb5 32. Ba2 Qe7 33. Rdd1 Qa7 34. Qa3 Ra4 35. Qb3 Rxa2 36. Qxb5 Ne4 37. Bf2 g3 38. Be3 Qb8 39. Qxb8 Rxb8 40. Bc1 Rba8 41. f5 Nf2 42. Rd2 Rh8 43. Rdxf2 gxf2+ 44. Rxf2 Ra1 45. f6+ Kh7 46. Rc2 Re8 47. Kf2 Re5 48. Bd2 Rxd5 49. Bc3 Rf5+ 50. Ke2 Raf1 51. Kd3 R1f2 52. Rc1 Rxg2 53. Re1 d5 54. Re7 Rf3+ 1-0

[Event "22.C.to Italiano femminile"]
[Site "Formia ITA"]
[Date "1995.07.22"]
[Round "3"]
[White "Marinelli, Sonia"]
[Black "Riegler, Alessandra"]
[Result "0-1"]
[WhiteElo "1552"]
[BlackElo "1768"]
[PlyCount "96"]
[EventDate "1995.07.20"]
[EventType "tourn"]
[EventCountry "ITA"]

1. d4 Nf6 2. c4 g6 3. Nc3 d5 4. b3 Bg7 5. e3 dxc4 6. Bxc4 O-O 7. Nge2 c5 8. Bb2 Qa5 9. Qd2 cxd4 10. exd4 Nc6 11. O-O Rd8 12. Rad1 a6 13. a4 e5 14. Na2 Qxd2 15. Rxd2 Ne4 16. Rdd1 exd4 17. f3 Nc5 18. Nac1 Be6 19. Bxe6 fxe6 20. Nf4 e5 21. Nfd3 Rd5 22. Rfe1 b6 23. Re2 Na5 24. b4 Nxd3 25. Rxd3 Nc4 26. Ba1 b5 27. a5 Rdd8 28. Nb3 Ne3 29. Nc5 Rdc8 30. Bb2 Bf8 31. Ba3 Bxc5 32. bxc5 Rab8 33. Rb3 Re8 34. Re1 Nc2 35. Re2 Nxa3 36. Rxa3 b4 37. Rb3 Rb5 38. c6 Rc8 39. Rc2 Kf7 40. Rc4 Ke6 41. c7 Kd6 42. Rbxb4 Rxb4 43. Rxb4 Rxc7 44. Rb2 h5 45. h4 Rc5 46. Ra2 Kd5 47. Kf1 d3 48. g3 Rc1+ 0-1

[Event "22.C.to Italiano femminile"]
[Site "Formia ITA"]
[Date "1995.07.22"]
[Round "3"]
[White "Marioni, Giuliana"]
[Black "Arnetta, Maria Teresa"]
[Result "0-1"]
[WhiteElo "1573"]
[BlackElo "1618"]
[PlyCount "84"]
[EventDate "1995.07.20"]
[EventType "tourn"]
[EventCountry "ITA"]

1. d4 Nf6 2. c4 e6 3. Nc3 Bb4 4. Nf3 Bxc3+ 5. bxc3 d6 6. Bg5 Nbd7 7. e3 O-O 8. Be2 Re8 9. O-O Nf8 10. Qc2 h6 11. Bh4 Qe7 12. Rfe1 e5 13. Nd2 Ng6 14. Bxf6 Qxf6 15. Ne4 Qe7 16. Bd3 f5 17. Nd2 e4 18. Bf1 Nf8 19. f3 Nd7 20. Re2 Nf6 21. fxe4 fxe4 22. g3 Bf5 23. Bg2 c6 24. Rf1 Bg6 25. Qb1 Rac8 26. Bh3 Rc7 27. Qb3 Bf7 28. Qc2 Be6 29. Bg2 d5 30. c5 Qd8 31. Rb1 Qc8 32. Nf1 Rf8 33. Rf2 Rcf7 34. Nd2 Ng4 35. Rxf7 Rxf7 36. Rf1 Nxe3 37. Qb1 Nxf1 38. Nxf1 Bh3 39. Qc2 Bxg2 40. Kxg2 Qf8 41. Qe2 Qe7 42. Qg4 e3 0-1

[Event "22.C.to Italiano femminile"]
[Site "Formia ITA"]
[Date "1995.07.22"]
[Round "3"]
[White "Varinelli, Sara"]
[Black "Scagliarini, Valentina"]
[Result "1-0"]
[WhiteElo "1696"]
[BlackElo "1525"]
[PlyCount "137"]
[EventDate "1995.07.20"]
[EventType "tourn"]
[EventCountry "ITA"]

1. e4 e6 2. d4 d5 3. exd5 exd5 4. Nf3 Bd6 5. Bd3 Ne7 6. O-O Bf5 7. Re1 O-O 8. Bg5 Bxd3 9. Qxd3 c6 10. Nbd2 Qc7 11. Nf1 Ng6 12. Ng3 h6 13. Bd2 Nd7 14. Nf5 Rfe8 15. Nxd6 Qxd6 16. Qf5 Nf6 17. Ne5 Ne7 18. Qh3 Ne4 19. Be3 f6 20. Ng4 Ng5 21. Bxg5 hxg5 22. Qh5 Qd7 23. Re3 Nf5 24. Rd3 Qe7 25. Ne3 Nxe3 26. Rxe3 Qf7 27. Qxf7+ Kxf7 28. Rae1 Rxe3 29. Rxe3 Rh8 30. h3 Rd8 31. Kf1 Rd6 32. Ra3 a6 33. Rf3 Rd7 34. Ke2 Re7+ 35. Kd2 Ke6 36. Re3+ Kd6 37. Rxe7 Kxe7 38. g4 Ke6 39. Kc3 Kd6 40. Kb4 b6 41. c3 g6 42. Ka4 c5 43. b4 cxd4 44. cxd4 Kc6 45. b5+ Kb7 46. bxa6+ Kxa6 47. Kb4 f5 48. f3 Kb7 49. Kb5 Kc7 50. a3 Kb7 51. a4 Kc7 52. a5 bxa5 53. Kxa5 Kc6 54. Ka6 Kc7 55. Kb5 Kd6 56. Kb6 Kd7 57. Kc5 Ke6 58. Kc6 f4 59. Kc5 Ke7 60. Kxd5 Kd7 61. Ke5 Ke7 62. d5 Kd7 63. d6 Kd8 64. Ke6 Ke8 65. d7+ Kd8 66. Kf6 Kxd7 67. Kxg6 Ke6 68. Kxg5 Ke5 69. h4 1-0

[Event "22.C.to Italiano femminile"]
[Site "Formia ITA"]
[Date "1995.07.23"]
[Round "4"]
[White "Fittante, Giuliana"]
[Black "Varinelli, Sara"]
[Result "1/2-1/2"]
[WhiteElo "1637"]
[BlackElo "1696"]
[PlyCount "37"]
[EventDate "1995.07.20"]
[EventType "tourn"]
[EventCountry "ITA"]

1. d4 d5 2. c4 e6 3. Nc3 Nf6 4. Bg5 Be7 5. e3 h6 6. Bh4 O-O 7. Nf3 c6 8. Rc1 Nbd7 9. a3 Bd6 10. cxd5 exd5 11. Bd3 Re8 12. Bb1 Nf8 13. Qd3 Ng6 14. Bg3 Nf4 15. Bxf4 Bxf4 16. O-O Bd6 17. Ne2 Ne4 18. Ng3 Qf6 19. Nd2 1/2-1/2

[Event "22.C.to Italiano femminile"]
[Site "Formia ITA"]
[Date "1995.07.23"]
[Round "4"]
[White "Parrino, Giuseppina"]
[Black "Marioni, Giuliana"]
[Result "1-0"]
[WhiteElo "1816"]
[BlackElo "1573"]
[PlyCount "83"]
[EventDate "1995.07.20"]
[EventType "tourn"]
[EventCountry "ITA"]

1. e4 c6 2. d3 d5 3. Nd2 e5 4. f4 Bd6 5. fxe5 Bxe5 6. Ngf3 Bg4 7. Be2 Bxf3 8. Nxf3 Bc7 9. exd5 Qxd5 10. O-O Nf6 11. c3 O-O 12. d4 Nbd7 13. Qc2 c5 14. c4 Qd6 15. d5 Rfe8 16. Bd3 h6 17. g3 Qb6 18. b3 Bd6 19. Bb2 Re7 20. Nh4 Be5 21. Nf5 Ree8 22. Rae1 Bxb2 23. Qxb2 Qd8 24. Nd6 Rxe1 25. Rxe1 Qb6 26. Nf5 Qd8 27. Be4 Qf8 28. Ne7+ Kh8 29. d6 Nxe4 30. Rxe4 Re8 31. Rf4 Nf6 32. Qa3 b6 33. Qxa7 Ra8 34. Qxb6 Rxa2 35. Qxc5 Qa8 36. Qc8+ Qxc8 37. Nxc8 Ra3 38. b4 Kg8 39. c5 Kf8 40. c6 Ra1+ 41. Rf1 Ra8 42. d7 1-0

[Event "22.C.to Italiano femminile"]
[Site "Formia ITA"]
[Date "1995.07.23"]
[Round "4"]
[White "Riegler, Alessandra"]
[Black "De Maio, Anna"]
[Result "1-0"]
[WhiteElo "1768"]
[BlackElo "1552"]
[PlyCount "55"]
[EventDate "1995.07.20"]
[EventType "tourn"]
[EventCountry "ITA"]

1. e4 g6 2. d4 Bg7 3. Nf3 d6 4. Bf4 Nf6 5. Nc3 c6 6. h3 Qa5 7. Qd2 a6 8. Bd3 b5 9. e5 dxe5 10. Nxe5 b4 11. Ne4 Nd5 12. Nc4 Qd8 13. Be3 Bf5 14. g4 Bxe4 15. Bxe4 Nxe3 16. fxe3 a5 17. a3 f5 18. gxf5 gxf5 19. Bf3 f4 20. Bh5+ Kf8 21. O-O Rg8 22. Rxf4+ Bf6+ 23. Rg4 Rxg4+ 24. Bxg4 Ra6 25. Be6 c5 26. d5 bxa3 27. e4 Bxb2 28. Qh6+ 1-0

[Event "22.C.to Italiano femminile"]
[Site "Formia ITA"]
[Date "1995.07.23"]
[Round "4"]
[White "Scagliarini, Valentina"]
[Black "Marinelli, Sonia"]
[Result "1-0"]
[WhiteElo "1525"]
[BlackElo "1552"]
[PlyCount "103"]
[EventDate "1995.07.20"]
[EventType "tourn"]
[EventCountry "ITA"]

1. e4 e6 2. c4 d5 3. cxd5 exd5 4. Qa4+ Nc6 5. Bb5 Nge7 6. Nc3 dxe4 7. Nxe4 a6 8. Bxc6+ Nxc6 9. Ne2 Bd6 10. Nxd6+ Qxd6 11. O-O O-O 12. Ng3 b5 13. Qc2 Nd4 14. Qd3 c5 15. b3 Be6 16. Bb2 Rad8 17. Qc3 f6 18. Kh1 Rf7 19. Rae1 Rc7 20. Ne4 Qc6 21. Qg3 Rf7 22. h4 Bd5 23. Nc3 Nf5 24. Qh2 Nxh4 25. Nxd5 Qxd5 26. Qxh4 Qg5 27. Qxg5 fxg5 28. Re2 Rf5 29. Rfe1 Kf7 30. Kg1 h5 31. Re7+ Kg8 32. Rxg7+ Kf8 33. Rge7 Rf7 34. Rxf7+ Kxf7 35. Bc1 g4 36. Kf1 Rd4 37. Re5 h4 38. Rxc5 h3 39. gxh3 gxh3 40. Rh5 Ke7 41. Rxh3 Kd7 42. Rh6 a5 43. Ra6 a4 44. bxa4 bxa4 45. Ke2 Rc4 46. Ba3 Rc2 47. Rxa4 Rxa2 48. Rd4+ Ke6 49. Bb4 Ra4 50. Bc3 Ra8 51. Ke3 Re8 52. Re4+ 1-0

[Event "22.C.to Italiano femminile"]
[Site "Formia ITA"]
[Date "1995.07.23"]
[Round "4"]
[White "Sirletti, Sonia"]
[Black "Arnetta, Maria Teresa"]
[Result "1/2-1/2"]
[WhiteElo "1600"]
[BlackElo "1618"]
[PlyCount "120"]
[EventDate "1995.07.20"]
[EventType "tourn"]
[EventCountry "ITA"]

1. d4 Nf6 2. c4 e6 3. Nf3 Bb4+ 4. Bd2 Qe7 5. Qc2 b6 6. e3 Bb7 7. Be2 O-O 8. Bxb4 Qxb4+ 9. Nc3 Re8 10. O-O Qe7 11. Rfd1 d6 12. a3 Nbd7 13. Nb5 Nf8 14. Rac1 a6 15. Nc3 e5 16. Nd5 Bxd5 17. cxd5 e4 18. Nd2 Nxd5 19. Qc6 Nf6 20. Qxc7 b5 21. Qxe7 Rxe7 22. Rc6 Rd7 23. Rdc1 Rdd8 24. Bd1 Ne6 25. Bc2 a5 26. Nxe4 Ne8 27. Bd1 g6 28. Bb3 Kg7 29. Bd5 Rab8 30. g3 h6 31. h4 Nf8 32. Ra6 a4 33. Ra7 Nd7 34. Ra6 Ndf6 35. Nxf6 Nxf6 36. Bf3 d5 37. Rac6 b4 38. Ra6 bxa3 39. bxa3 Ra8 40. Rxa8 Rxa8 41. Rc5 Ne4 42. Rxd5 Nd2 43. Bg2 Ra7 44. Rc5 Nb1 45. Bc6 Nxa3 46. Rc3 Nb1 47. Rc1 Nd2 48. Rc2 Nb1 49. Rb2 Nc3 50. Rc2 a3 51. Rxc3 a2 52. Rc1 a1=Q 53. Rxa1 Rxa1+ 54. Kg2 Kf8 55. f4 Ke7 56. d5 Ra3 57. e4 f6 58. e5 fxe5 59. fxe5 Re3 60. e6 Rc3 1/2-1/2

[Event "22.C.to Italiano femminile"]
[Site "Formia ITA"]
[Date "1995.07.26"]
[Round "7"]
[White "Arnetta, Maria Teresa"]
[Black "Scagliarini, Valentina"]
[Result "1/2-1/2"]
[WhiteElo "1618"]
[BlackElo "1525"]
[PlyCount "87"]
[EventDate "1995.07.20"]
[EventType "tourn"]
[EventCountry "ITA"]

1. e4 e6 2. d4 d5 3. Nd2 dxe4 4. Nxe4 Bd7 5. Nf3 Bc6 6. Bd3 Be7 7. O-O Nf6 8. Re1 O-O 9. c3 Nxe4 10. Bxe4 Bxe4 11. Rxe4 Nd7 12. Qc2 Nf6 13. Rh4 h6 14. g4 Qd5 15. Qd3 Qe4 16. Ne5 Qxd3 17. Nxd3 Rad8 18. f4 Rd5 19. Ne5 Rfd8 20. g5 Ne4 21. Rg4 hxg5 22. fxg5 Nd6 23. h4 Nf5 24. h5 c5 25. g6 f6 26. Nf7 R8d7 27. h6 gxh6 28. Nxh6+ Kg7 29. Nxf5+ Rxf5 30. Bh6+ Kg8 31. Kg2 Rh5 32. Be3 Kg7 33. Rg3 cxd4 34. Bxd4 a6 35. Rg1 e5 36. Be3 Rd3 37. Kf2 Rd5 38. c4 Rh2+ 39. R1g2 Rxg2+ 40. Rxg2 Rd7 41. Kf3 f5 42. Bh6+ Kg8 43. Bg5 Kg7 44. Bh6+ 1/2-1/2

[Event "22.C.to Italiano femminile"]
[Site "Formia ITA"]
[Date "1995.07.26"]
[Round "7"]
[White "De Maio, Anna"]
[Black "Varinelli, Sara"]
[Result "0-1"]
[WhiteElo "1552"]
[BlackElo "1696"]
[PlyCount "102"]
[EventDate "1995.07.20"]
[EventType "tourn"]
[EventCountry "ITA"]

1. e4 e5 2. Nf3 Nc6 3. Bb5 Nge7 4. c3 d6 5. d4 Bd7 6. O-O Ng6 7. Nbd2 a6 8. Ba4 Be7 9. d5 Nb8 10. Bb3 O-O 11. Re1 f5 12. c4 fxe4 13. Nxe4 Nf4 14. c5 Qe8 15. Bxf4 Rxf4 16. c6 Bc8 17. Nfg5 Qg6 18. g3 Rg4 19. h3 Rxg5 20. Nxg5 Qxg5 21. cxb7 Bxb7 22. Rc1 Bd8 23. Qg4 Qxg4 24. hxg4 Nd7 25. g5 Nc5 26. Bc4 Bxg5 27. Rc2 a5 28. a3 Ba6 29. Bxa6 Nxa6 30. Rc6 Kf7 31. Kg2 Ke7 32. Re2 Kd7 33. Rec2 Ra7 34. Kf3 Nc5 35. Kg4 Bf6 36. f3 Rb7 37. Re2 Rb3 38. Rc2 e4 39. fxe4 Rxb2 40. Rxb2 Bxb2 41. a4 Nxe4 42. Kf3 Nc5 43. g4 h6 44. Kf4 Nxa4 45. Ra6 Bc3 46. Kf5 Nb6 47. Ke4 Kc8 48. Kd3 Bb4 49. Kd4 Kb7 50. Rxb6+ Kxb6 51. Kc4 g6 0-1

[Event "22.C.to Italiano femminile"]
[Site "Formia ITA"]
[Date "1995.07.26"]
[Round "7"]
[White "Marinelli, Sonia"]
[Black "Sirletti, Sonia"]
[Result "0-1"]
[WhiteElo "1552"]
[BlackElo "1600"]
[PlyCount "86"]
[EventDate "1995.07.20"]
[EventType "tourn"]
[EventCountry "ITA"]

1. e4 e6 2. d4 d5 3. exd5 exd5 4. Nf3 Bd6 5. Be2 Ne7 6. O-O O-O 7. Bg5 f6 8. Bh4 Nbc6 9. c4 Be6 10. c5 Bf4 11. Bg3 Bh6 12. Qd3 Nf5 13. Na3 Nxg3 14. hxg3 a6 15. Nc2 Qd7 16. Ne3 Ne7 17. Nh2 f5 18. b4 c6 19. a4 f4 20. Neg4 Bg5 21. Ne5 Qc7 22. Nhf3 Bh6 23. gxf4 Bxf4 24. Qc2 Bf5 25. Bd3 Bxd3 26. Qxd3 Rf6 27. g3 Bxe5 28. Nxe5 Raf8 29. Kg2 Qc8 30. f4 Rh6 31. Rh1 Rff6 32. Kf3 Qf5 33. Qxf5 Nxf5 34. Rhd1 Rh3 35. Kg2 Rxg3+ 36. Kf2 Rb3 37. b5 cxb5 38. axb5 Rxb5 39. Rd3 Rh6 40. Ng4 Rb2+ 41. Kg1 Rg6 42. Kf1 Rxg4 43. Re1 Ng3+ 0-1

[Event "22.C.to Italiano femminile"]
[Site "Formia ITA"]
[Date "1995.07.26"]
[Round "7"]
[White "Marioni, Giuliana"]
[Black "Fittante, Giuliana"]
[Result "0-1"]
[WhiteElo "1573"]
[BlackElo "1637"]
[PlyCount "88"]
[EventDate "1995.07.20"]
[EventType "tourn"]
[EventCountry "ITA"]

1. d4 d5 2. Nf3 Nf6 3. e3 Bg4 4. Bd3 e6 5. Nbd2 c5 6. c3 Nc6 7. O-O Qc7 8. Qe1 Be7 9. e4 dxe4 10. Bxe4 Nxe4 11. Qxe4 Bf5 12. Qe3 cxd4 13. Nxd4 Nxd4 14. Qxd4 O-O 15. Nf3 Rfd8 16. Qa4 b5 17. Bf4 Qb7 18. Qb3 Be4 19. c4 Bd3 20. Qxb5 Qxb5 21. cxb5 Bxf1 22. Kxf1 Rd5 23. Ne5 Bd6 24. Nc6 Bxf4 25. Ne7+ Kf8 26. Nxd5 exd5 27. Rd1 Rd8 28. h3 d4 29. Ke2 Be5 30. Kd3 Rc8 31. a4 Ke7 32. Re1 Kd6 33. Ra1 Rc5 34. f3 Kd5 35. Ra3 Rc1 36. a5 Rg1 37. Rb3 Rxg2 38. b6 axb6 39. a6 Rg1 40. Ra3 Bb8 41. a7 Bxa7 42. Rxa7 f6 43. Rd7+ Kc5 44. Rxd4 Rd1+ 0-1

[Event "22.C.to Italiano femminile"]
[Site "Formia ITA"]
[Date "1995.07.26"]
[Round "7"]
[White "Parrino, Giuseppina"]
[Black "Riegler, Alessandra"]
[Result "1/2-1/2"]
[WhiteElo "1816"]
[BlackElo "1768"]
[PlyCount "78"]
[EventDate "1995.07.20"]
[EventType "tourn"]
[EventCountry "ITA"]

1. e4 c5 2. Nc3 Nc6 3. f4 d6 4. Nf3 g6 5. Bc4 Bg7 6. O-O e6 7. f5 exf5 8. exf5 Bxf5 9. d3 Ne5 10. Nxe5 dxe5 11. Qf3 Nf6 12. Bg5 Qd4+ 13. Be3 Qd6 14. Nb5 Qe7 15. Bg5 h5 16. Rae1 O-O 17. Qg3 Rfe8 18. Bxf6 Qxf6 19. Nc7 Qd6 20. Nxa8 Rxa8 21. Kh1 Re8 22. Qf3 Re7 23. Bd5 b5 24. Be4 Be6 25. b3 c4 26. dxc4 bxc4 27. Qe3 cxb3 28. axb3 f5 29. Bd3 Qc6 30. c4 Rd7 31. Rd1 Rd4 32. Be2 Re4 33. Qf2 Qb7 34. Ra1 a5 35. Ra2 Bf8 36. Qg3 Kh7 37. Rd1 Bc5 38. Qg5 Be7 39. Qg3 Bc5 1/2-1/2

[Event "22.C.to Italiano femminile"]
[Site "Formia ITA"]
[Date "1995.07.27"]
[Round "8"]
[White "Fittante, Giuliana"]
[Black "Arnetta, Maria Teresa"]
[Result "1-0"]
[WhiteElo "1637"]
[BlackElo "1618"]
[PlyCount "150"]
[EventDate "1995.07.20"]
[EventType "tourn"]
[EventCountry "ITA"]

1. d4 Nf6 2. c4 e6 3. Nc3 Bb4 4. e3 Bxc3+ 5. bxc3 d6 6. Nf3 O-O 7. Bd3 Qe7 8. O-O Nbd7 9. e4 e5 10. Re1 Re8 11. Nh4 Nf8 12. Nf5 Qd8 13. Bg5 Ng6 14. Qf3 b6 15. Rad1 Bxf5 16. exf5 Nf4 17. dxe5 Nxd3 18. Rxd3 Qc8 19. Bxf6 gxf6 20. e6 Rb8 21. exf7+ Kxf7 22. Qh5+ Kg8 23. Rg3+ Kh8 24. Ree3 Qd7 25. Rh3 Rxe3 26. fxe3 Rg8 27. Qh6 Qg7 28. Qxg7+ Rxg7 29. Rh4 Re7 30. Kf2 Re5 31. e4 Ra5 32. Ke3 Rxa2 33. g4 Ra4 34. Kd4 c6 35. g5 fxg5 36. Rg4 h6 37. h4 Kg7 38. hxg5 hxg5 39. Rxg5+ Kf6 40. Rg6+ Kf7 41. Rxd6 c5+ 42. Kd5 Ra1 43. Rd7+ Kf6 44. Rd6+ Kf7 45. Kc6 Re1 46. Re6 Re3 47. Kb7 Rxc3 48. Kxa7 Rxc4 49. Kxb6 Rc1 50. Kb5 c4 51. Kb4 c3 52. Kb3 Kf8 53. Kc4 Kg8 54. Kd3 Kf7 55. Rb6 Re1 56. Rb4 Rc1 57. Rc4 Kf6 58. Rxc3 Rh1 59. Kd4 Re1 60. Rc6+ Kf7 61. Ke5 Rd1 62. Rc7+ Ke8 63. Ke6 Kf8 64. f6 Rd8 65. e5 Re8+ 66. Re7 Ra8 67. Kf5 Ra1 68. Rb7 Ra8 69. Kg6 Rc8 70. Rh7 Ke8 71. Rh8+ Kd7 72. Rxc8 Kxc8 73. f7 Kd7 74. f8=Q Ke6 75. Qe8+ Kd5 1-0

[Event "22.C.to Italiano femminile"]
[Site "Formia ITA"]
[Date "1995.07.27"]
[Round "8"]
[White "Marinelli, Sonia"]
[Black "De Maio, Anna"]
[Result "1/2-1/2"]
[WhiteElo "1552"]
[BlackElo "1552"]
[PlyCount "58"]
[EventDate "1995.07.20"]
[EventType "tourn"]
[EventCountry "ITA"]

1. d4 g6 2. e4 Bg7 3. Be3 d6 4. Nf3 Nf6 5. Nc3 c6 6. e5 dxe5 7. dxe5 Qxd1+ 8. Rxd1 Ng4 9. Bd4 Nd7 10. e6 Nde5 11. exf7+ Kxf7 12. Nxe5+ Nxe5 13. f4 Nd7 14. Bc4+ Kf8 15. Bxg7+ Kxg7 16. O-O Nf6 17. Rfe1 Re8 18. Ne4 Nxe4 19. Rxe4 Bf5 20. Red4 Bxc2 21. R1d2 Bf5 22. Bd3 Bxd3 23. R4xd3 b6 24. b4 Kf6 25. Rd7 Ke6 26. Rc7 Rec8 27. Re2+ Kf6 28. Rcxe7 h5 29. h4 a5 1/2-1/2